000 01242cam a22001934a 4500
005 20250605164123.0
008 250528s ||||||||||||||||||||||||d
035 _a18337
020 _a9604201905
040 _aGR-AtMCL
_bgre
_dGR-AtMCL
_eAACR2
245 1 _aΟι Λειτουργίες των Εγγράφων στο Φορολογικό Δίκαιο / Δηλωτικά και Παραστατικά Έγγραφα
260 _bΠ. Ν. Σάκκουλας,
_c2002
300 _a192
520 _aΕισαγωγή, Ο Κύκλος της Ελευθερίας των Συναλλαγών και οι Φορολογικές Επεμβάσεις και η Αρχή της Τυπικότητας, Οι Έγγραφες Συμφωνίες και Υποχρεώσεις στο Πλαίσιο του Φορολογικού Δικαίου, Έγγραφα και Παραστατικά στο Διαδικαστικό Φορολογικό Κύκλο, Τελικοί Καθορισμοί και Συμπερασματικές Παρατηρήσεις, Βιβλιογραφία, Αλφαβητικό Ευρετήριο.
700 1 _aΚόντος-Μάναλης Λεονάρδος Αρ
_94611
942 _cBK
999 _c3700
_d3700